[Event "Legislatura Portena Open 2019"]
[Site "Buenos Aires"]
[Date "2019.03.28"]
[Round "8.3"]
[White "Villanueva, Mario"]
[Black "Della Morte, German"]
[Result "1-0"]
[WhiteElo "2482"]
[BlackElo "2366"]
[Annotator "TA"]
[PlyCount "57"]
[EventDate "2019.03.20"]
[EventType "swiss"]
[EventCountry "ARG"]
[SourceTitle "playchess.com"]
[Source "ChessBase"]
[SourceQuality "1"]

{[%evp 14,57,4,4,29,12,124,119,126,129,121,120,120,89,92,82,79,81,127,129,331,319,308,315,460,483,438,459,468,466,437,435,407,304,29982,29980,29983,29984,29984,29985,29985,786,786,762,720,704]} 1. e4 e6 2. d4 d5 3. Nc3 Nf6 4. Bg5 Bb4 5. e5 h6 6. Bd2 Bxc3 7. bxc3 Ne4 8. Bc1 O-O {C12: French: Classical System: McCutcheon Variation} (8... c5 9. Ne2 Nc6 10. f3 Ng5 11. Be3 c4 12. h4 Nh7 13. h5 Qa5 14. f4 Bd7 15. g4 O-O-O 16. Qc1 {½-½ (53) Warakomski,T (2511)-Sieciechowicz,M (2409) Poland 2017}) 9. Ne2 {Threatens to win with h4.} f5 {[#]} (9... c5 $11 {remains equal.}) 10. h4 $1 $16 (10. f3 $6 Qh4+ 11. g3 Nxg3 $11) 10... f4 {White is better.} 11. f3 ({Reject} 11. Bxf4 $6 Nxc3 12. Qd2 (12. Nxc3 Rxf4 13. g3 Rf8 $11) 12... Nxe2 $14) 11... Ng3 12. Nxg3 fxg3 13. f4 $146 ({Predecessor:} 13. Bd3 c5 14. f4 Nc6 15. Be3 Qa5 16. Qd2 {½-½ (38) Lukac,R (2064)-Vrana,F (2217) Slovakia 2016}) 13... c5 14. Rh3 Nc6 15. Qg4 cxd4 16. Rxg3 {[%csl Gg3][%cal Rg4g7]} Qc7 $2 (16... Rf7 $16 {was called for.}) 17. Bd3 $18 Qf7 {[#]} 18. Ba3 $1 Rd8 (18... Kh8 $142 19. Bxf8 Qxf8 20. cxd4 Bd7) 19. Bg6 Qd7 20. Qh5 dxc3 21. Bd3 {White threatens Qxh6 and mate.} Nd4 {If Black can now play ...Kh8 this consolidates a bit.} 22. Qxh6 {Threatening mate with Qh7+.} ({Not} 22. Qg6 Nf5 $18) 22... Nf5 23. Qh5 Qa4 $2 {[#]} (23... b5 $18 24. Rg6 a5) 24. Be7 $1 {[%mdl 512]} Qxf4 {[#]} (24... Nxe7 25. Qh7+) 25. Rxg7+ $1 {[%mdl 576] Remove Defender} Kxg7 (25... Nxg7 26. Qh7+) 26. Bf6+ Kf8 27. Qh8+ (27. Bxf5 $142 Qg3+ 28. Kf1 Rd7 29. Bg6 Qxg6 30. Qxg6 Rf7 31. Kg1 a5 32. Rf1) 27... Kf7 28. Qh7+ Kf8 29. Bxf5 $1 {Accuracy: White = 74%, Black = 25%.} 1-0

[Event "Legislatura Portena Open 2019"]
[Site "Buenos Aires"]
[Date "2019.03.28"]
[Round "8.4"]
[White "Bustos, Cristian"]
[Black "Garcia Palermo, Carlos"]
[Result "0-1"]
[WhiteElo "1999"]
[BlackElo "2407"]
[Annotator "TA"]
[PlyCount "70"]
[EventDate "2019.03.20"]
[EventType "swiss"]
[EventCountry "ARG"]
[SourceTitle "playchess.com"]
[Source "ChessBase"]
[SourceQuality "1"]

{[%evp 15,70,0,0,0,0,-11,0,0,0,-18,-14,-16,-10,-20,19,20,18,-16,-13,-15,-14,-29,-25,-45,-21,-108,-116,-187,-195,-186,-203,-293,-297,-352,-362,-337,-339,-351,-360,-327,-309,-416,-424,-458,-458,-453,-437,-436,-417,-416,-416,-800,-754,-658,-590,-590,-530]} 1. e4 e5 2. Nf3 Nc6 3. Nc3 Nf6 4. Bb5 Bb4 5. O-O O-O 6. d3 d6 7. Bxc6 bxc6 8. Ne2 Re8 9. Ng3 {C49: Four Knights: 4 Bb5 Bb4} (9. a3 Bc5 10. Be3 Bxe3 11. fxe3 d5 12. Ng3 a5 13. Qe1 a4 14. h3 Rb8 15. Rb1 Rb5 16. Qc3 Qd6 {½-½ (30) Fernandez,D (2450)-Jones,G (2663) Reading 2017}) 9... d5 10. Qe2 a5 11. h3 {The position is equal.} a4 $146 ({Predecessor:} 11... h6 12. Rd1 a4 13. c3 Bf8 14. Qc2 Bd6 15. Be3 Nh7 16. Re1 Nf6 17. Rad1 {½-½ (17) Hobuss,U (2394)-Hort,V (2534) Davos 2002}) 12. Bg5 h6 13. Bd2 Bf8 14. Rfe1 g6 15. exd5 Nxd5 16. d4 Ba6 $1 $36 {[%cal Ra6e2][%mdl 2048] Black fights for an advantage.} 17. c4 Nb6 18. dxe5 Nxc4 19. Bc3 Nxe5 $1 20. Qe3 (20. Qc2 $11 {keeps the balance.} Nxf3+ 21. gxf3) 20... Nd3 $17 21. Qxe8 (21. Ne4 $17) 21... Qxe8 $19 22. Rxe8 Rxe8 23. Ne1 {[#]} (23. h4 $142) 23... Nxf2 $1 {[%mdl 512]} 24. Kxf2 Bc5+ 25. Kf3 {Hoping for Ne4.} Re3+ 26. Kf4 g5+ 27. Kg4 {next Nf3 is good for White.} Bc8+ 28. Kh5 Rxg3 29. Rd1 {[#] Strongly threatening Rd8+.} Bf5 {( -> ...Kh7)} 30. Rd8+ Bf8 31. Rxf8+ Kxf8 32. Kxh6 Be4 33. Nf3 (33. Bd4 $142 Bxg2 34. Bf2 Rxh3+ 35. Kxg5) 33... Bxf3 {Black is clearly winning.} 34. gxf3 Rxh3+ 35. Kxg5 Rxf3 {Accuracy: White = 28%, Black = 77%.} 0-1

[Event "Legislatura Portena Open 2019"]
[Site "Buenos Aires"]
[Date "2019.03.28"]
[Round "8.5"]
[White "Zapata Charles, Santiago"]
[Black "Saldano Dayer, Horacio"]
[Result "1/2-1/2"]
[WhiteElo "2303"]
[BlackElo "2422"]
[Annotator "TA"]
[PlyCount "45"]
[EventDate "2019.03.20"]
[EventType "swiss"]
[EventCountry "ARG"]
[SourceTitle "playchess.com"]
[Source "ChessBase"]
[SourceQuality "1"]

{[%evp 9,45,8,32,32,35,35,52,29,42,0,27,24,28,24,62,43,48,0,10,-26,-26,-133,-122,-110,-37,-66,0,0,0,0,29,0,0,0,0,0,0,0]} 1. e4 c6 2. d4 d5 3. e5 Bf5 4. h4 Qc7 5. Nc3 a6 6. h5 {B12: Caro-Kann: Advance Variation} h6 7. g4 Bd7 8. Na4 $146 {White is slightly better.} ({Predecessor:} 8. f4 e6 9. Nf3 c5 10. Be3 cxd4 11. Nxd4 Nc6 12. Qd2 {1-0 (48) Anton Guijarro,D (2627)-Dreev,A (2664) Almaty 2016}) 8... e6 9. Nf3 (9. f4 {is interesting.} b6 10. Nf3 c5 11. c3 Bb5 12. b3) 9... c5 10. Nxc5 Bxc5 11. dxc5 Nc6 12. Be3 O-O-O 13. Be2 f6 14. exf6 Nxf6 15. Nh4 {[#]} (15. g5 $11 {remains equal.} hxg5 16. Nxg5) 15... d4 $1 $17 {[%cal Rd4e3]} 16. Bd2 Ne4 (16... e5 $17) 17. Ng6 Rhf8 (17... Rhe8 $15) 18. Nxf8 $11 Rxf8 19. O-O Ng3 20. fxg3 Qxg3+ {The position is equal.} 21. Kh1 Qh3+ 22. Kg1 Qg3+ 23. Kh1 {Accuracy: White = 30%, Black = 42%.} 1/2-1/2

[Event "Legislatura Portena Open 2019"]
[Site "Buenos Aires"]
[Date "2019.03.28"]
[Round "8.6"]
[White "Ricardi, Pablo"]
[Black "Molina, Pablo Sebastian"]
[Result "1-0"]
[WhiteElo "2485"]
[BlackElo "2277"]
[Annotator "TA"]
[PlyCount "119"]
[EventDate "2019.03.20"]
[EventType "swiss"]
[EventCountry "ARG"]
[SourceTitle "playchess.com"]
[Source "ChessBase"]
[SourceQuality "1"]

{[%evp 18,119,29,18,50,52,48,36,33,22,53,43,36,70,58,29,317,316,285,301,263,184,191,179,258,266,291,304,296,291,279,271,231,197,263,263,265,266,259,289,350,307,383,386,366,363,325,320,306,312,340,339,412,429,456,454,446,446,420,387,400,403,384,379,442,446,541,521,433,312,301,300,762,740,856,849,29972,29973,29969,29969,29981,29981,29986,29987,29989,29988,29989,29986,29986,8,29973,29974,29972,29970,29988,29989,29989,29982,29994,29993,29993,29978,29994,29995]} 1. e4 c5 2. Nf3 e6 3. d3 Nc6 4. g3 g6 5. Bg2 Bg7 6. O-O Nge7 7. Re1 d6 8. c3 O-O 9. d4 cxd4 10. cxd4 d5 {A04: Unusual lines after 1 Nf3 and King's Indian Attack} 11. e5 Nf5 (11... b6 12. Nc3 Ba6 13. Bf4 h6 14. h4 Nf5 15. Qa4 Bb7 16. Rac1 a6 17. Qd1 b5 18. Qd2 {1-0 (30) Saric,I (2678)-Sprenger,J (2510) Bol 2015}) 12. Nc3 f6 {White is slightly better.} 13. g4 Nh4 $146 ({Predecessor:} 13... fxe5 14. gxf5 e4 15. Ne5 Nxe5 16. dxe5 Bxe5 17. f4 Bg7 18. fxe6 Bxe6 {1-0 (61) Morgunov,M (2130)-Schwabeneder,F (2382) Graz 2017}) 14. Nxh4 {[#] Strongly threatening Nf3.} fxe5 15. Nf3 {[%cal Rd4e5]} exd4 16. Bg5 Bf6 $2 {[%mdl 8192]} (16... Qd7 $11 {and Black is okay.}) 17. Bxf6 $18 Qxf6 18. Nb5 e5 19. h3 e4 {Threatens to win with ...Bxg4.} 20. Nfxd4 a6 {[#]} (20... Qxf2+ $142 21. Kh1 Nxd4) 21. Nc7 $1 {[%csl LRa8,LRd5][%cal Bb5c7,Bc7a8,Ba8c7][%mdl 32] And now Nxc6 would win.} Nxd4 22. Nxa8 Be6 23. Nc7 Qxf2+ 24. Kh1 Nf3 25. Qe2 (25. Nxe6 $2 Qg3 $19) 25... Nxe1 (25... Qg3 $142 26. Bxf3 Rxf3 27. Nxe6 (27. Qh2 $2 Qh4 $19) 27... Qh4) 26. Qxe1 ({Less strong is} 26. Rxe1 Qxe2 27. Rxe2 Bf7 $14) 26... Qb6 27. Nxe6 Qxe6 28. Rd1 Rf7 29. Qd2 Rd7 30. Qd4 {aiming for Bxe4!} Qf7 31. Kg1 ({Worse is} 31. Bxe4 dxe4 32. Qxd7 Qf3+ 33. Kg1 Qg3+ 34. Kh1 Qf3+ 35. Kh2 Qf2+ 36. Kh1 Qf3+ $11) 31... Qf4 32. Rf1 Qc7 33. a3 Qd6 34. g5 Re7 35. h4 Qe5 36. Qxe5 Rxe5 {[%mdl 4096] Endgame KRB-KR} 37. Kf2 h6 38. gxh6 Kh7 39. Ke3 Kxh6 40. Kd4 Re7 41. Kxd5 Rd7+ 42. Kxe4 Rd2 43. Kf3 Rxb2 44. Kg3 b5 $2 (44... Ra2 45. Bxb7 Rxa3+ 46. Rf3 Ra1) 45. Rf6 Rb3+ 46. Kg4 Rxa3 47. Be4 Kg7 48. Rxg6+ Kh8 49. Rb6 Ra4 50. Kf5 Ra1 51. Kg5 Rg1+ 52. Kh6 Rg4 53. Rb8+ Rg8 54. Rb7 {[%csl Ge4,Gh6][%cal Rb7h7] White mates.} Rd8 55. h5 a5 56. Bf5 Re8 57. Bg6 Rf8 58. Rh7+ Kg8 59. Rg7+ Kh8 60. Bf7 {Accuracy: White = 82%, Black = 48%.} 1-0

[Event "Legislatura Portena Open 2019"]
[Site "Buenos Aires"]
[Date "2019.03.28"]
[Round "8.7"]
[White "Acosta, Pablo Ismael"]
[Black "Quiroga, Facundo"]
[Result "1-0"]
[WhiteElo "2467"]
[BlackElo "2267"]
[Annotator "TA"]
[PlyCount "79"]
[EventDate "2019.03.20"]
[EventType "swiss"]
[EventCountry "ARG"]
[SourceTitle "playchess.com"]
[Source "ChessBase"]
[SourceQuality "1"]

{[%evp 12,79,19,0,0,0,0,0,2,-3,0,0,34,7,25,0,16,0,0,0,0,-5,0,-8,0,0,0,0,22,0,19,17,17,17,7,14,9,7,15,16,16,3,3,0,10,0,112,112,112,121,168,168,184,196,170,134,141,115,140,0,8,0,97,89,106,108,233,179,381,384]} 1. d4 Nf6 2. Nf3 g6 3. Bf4 Bg7 4. e3 O-O 5. h3 d6 6. Be2 Nc6 7. O-O e5 {A48: 1 d4 Nf6 2 Nf3 g6: Torre, London and Colle Systems} (7... Nd7 8. Bh2 e5 9. Nc3 exd4 10. Nxd4 Nxd4 11. exd4 Re8 12. Qd2 Nf8 13. Bc4 Be6 14. Bxe6 Nxe6 15. Ne2 Qg5 16. Qd3 Qd5 {½-½ (68) Nakamura,H (2767)-Aronian,L (2797) Saint Louis 2014}) 8. Bh2 {[%cal Rd4e5]} exd4 9. exd4 Re8 {The position is equal.} 10. Na3 $146 ({Predecessor:} 10. Nc3 Bf5 11. Bd3 Qc8 12. a3 Bxd3 13. Qxd3 a6 14. Bf4 Ne7 15. Rae1 {1-0 (57) Nguyen,N (2634)-Gallagher,J (2473) Tromsoe 2014}) 10... Bh6 11. Re1 Nd5 12. Bc4 Be6 13. Bg3 Qd7 14. Bh4 Bg7 15. c3 h6 16. Bg3 a6 17. Bf1 Nf6 18. Nc4 b5 19. Ne3 {aiming for d5.} Nd5 20. a4 (20. Rc1 {seems wilder.} Nce7 21. b3 Nxe3 22. fxe3 Nf5 23. Bf2) 20... Rab8 (20... Nce7 {is more complex.} 21. Bd3 Nb6 22. Be4 Nbd5 23. Bd3) 21. axb5 axb5 22. Nxd5 Bxd5 23. Rxe8+ Qxe8 24. Ne1 Ne7 {[%cal Bc6e7,Be7f5,Bf5g3,Bg3f1][%mdl 32]} 25. Nd3 Nf5 26. Nb4 Nxg3 27. Nxd5 Nxf1 28. Qxf1 Qe4 (28... c6 $11 29. Re1 Qd7 30. Ne7+ Kh7) 29. Nxc7 $16 Qc2 30. Qb1 Qb3 {[#]} 31. Qa2 $1 {[%cal Ra2b3]} Qc2 32. Nd5 Re8 33. Ne3 Qe2 34. Qb3 h5 35. Ra7 (35. Nd5 $16) 35... Re6 36. Ra1 $36 {[%mdl 2048] White is more active.} Bh6 (36... Re8 $11) 37. Nd5 h4 38. Rf1 Kg7 {[#]} (38... Bd2 $16 {was necessary.} 39. Qd1 Qc4 40. Qxd2 Qxd5) 39. Nc7 $1 $18 {[%cal Rc7e6]} Rf6 $2 (39... Re7) 40. Qxb5 {Accuracy: White = 51%, Black = 43%.} 1-0

[Event "Legislatura Portena Open 2019"]
[Site "Buenos Aires"]
[Date "2019.03.28"]
[Round "8.8"]
[White "Slipak, Sergio"]
[Black "Villegas, Franco"]
[Result "1-0"]
[WhiteElo "2427"]
[BlackElo "2231"]
[Annotator "TA"]
[PlyCount "69"]
[EventDate "2019.03.20"]
[EventType "swiss"]
[EventCountry "ARG"]
[SourceTitle "playchess.com"]
[Source "ChessBase"]
[SourceQuality "1"]

{[%evp 17,69,4,2,5,8,-21,-17,-29,-17,-13,-11,-2,12,5,8,17,18,18,21,18,19,0,23,29,45,35,69,50,74,60,140,156,196,193,189,195,213,180,174,132,277,101,100,89,630,624,626,634,623,623,600,590,556,293]} 1. e4 c5 2. c4 Nc6 3. Nc3 g6 4. g3 Bg7 5. Bg2 d6 6. d3 e6 7. Nge2 Nge7 8. O-O O-O 9. Rb1 b6 10. Be3 {A36: Symmetrical English vs ...g6: 4 Bg2 Bg7} Nd4 11. e5 Rb8 12. exd6 {The position is equal.} Qxd6 13. Nxd4 cxd4 14. Ne4 Qd7 15. Bh6 Bb7 16. Re1 $146 ({Predecessor:} 16. Bxg7 Kxg7 17. b4 h6 {½-½ (48) Kuzmicz,K (2451)-Ragger,M (2646) Warsaw 2013}) 16... f6 17. Bxg7 Kxg7 18. b4 e5 19. b5 Rbc8 20. a4 Bxe4 21. Rxe4 Rc5 22. Re2 Qc7 23. a5 bxa5 (23... h5 $14) 24. Ra2 $16 f5 25. Rba1 Nc8 26. Rxa5 Rf7 27. Qd2 Qd8 28. Qb4 Rfc7 {[#]} (28... Rcc7 $16 {was worth a try.} 29. c5 Qf8) 29. Rxa7 $2 (29. Bb7 $1 $18 {[%mdl 512]}) 29... Nxa7 30. b6 $1 $36 {[%csl LRa7,LRc7][%mdl 2048] White is on the roll.} Qb8 $2 {[%mdl 8192]} (30... Nc8 $16) 31. Qxc5 $18 {[%mdl 64] Promotion. White is clearly winning.} Rxc5 32. bxa7 Qd8 {[#] ...Rc8 is the strong threat.} 33. a8=Q Qxa8 34. Rxa8 e4 35. Re8 {Accuracy: White = 53%, Black = 31%.} 1-0

[Event "Legislatura Portena Open 2019"]
[Site "Buenos Aires"]
[Date "2019.03.28"]
[Round "8.9"]
[White "Dolezal, Cristian"]
[Black "Alarcon Careaga, Gustavo"]
[Result "1-0"]
[WhiteElo "2392"]
[BlackElo "2138"]
[Annotator "TA"]
[PlyCount "131"]
[EventDate "2019.03.20"]
[EventType "swiss"]
[EventCountry "ARG"]
[SourceTitle "playchess.com"]
[Source "ChessBase"]
[SourceQuality "1"]

{[%evp 10,131,0,-18,0,-27,-19,-26,0,0,8,19,17,8,9,-22,-20,-43,-46,-58,-8,-59,-16,-65,-37,-55,-55,-89,-39,-46,-11,-33,-9,-20,0,-85,-86,-83,-75,-129,-23,-99,-65,-138,-25,-125,-98,-137,-110,-154,-53,-97,-95,-125,-81,-130,-89,-181,22,32,12,16,416,431,411,197,195,212,279,283,287,272,260,233,217,222,316,316,316,316,316,316,316,288,316,308,383,395,397,386,431,424,420,416,438,431,433,416,410,411,580,580,580,580,580,575,562,560,525,504,549,527,684,696,735,685,856,811,758,688,1166,1122,1022,751]} 1. d4 d5 2. c4 c6 3. Nf3 e6 4. cxd5 exd5 5. Nc3 Bd6 6. g3 Ne7 {D31: Queen's Gambit Declined: Semi-Slav without ...Nf6 (+ Marshall Gambit and Noteboom) and Exchange Variation lines without ...Nf6} 7. Bf4 Bxf4 8. gxf4 Qb6 $146 {Black has an edge.} ({Predecessor:} 8... Nd7 9. e3 Nf6 10. Qc2 Bf5 11. Bd3 Bxd3 12. Qxd3 O-O 13. O-O-O {½-½ (46) Inkiov,V (2475)-Semkov,S (2450) Sofia 1989}) 9. Qd2 Bf5 10. Nh4 Nd7 11. e3 Nf6 12. f3 O-O 13. Kf2 h6 14. Rg1 Bd7 15. Na4 ({White should try} 15. Kg2 $11) 15... Qd8 16. Bd3 b6 17. Nc3 c5 18. Ne2 Nc6 19. Nf5 Bxf5 20. Bxf5 Nh5 21. Rg4 Qf6 22. Bd7 (22. Bc2 $11) 22... cxd4 $17 23. exd4 Ne7 $36 {[%mdl 2048] Black has strong initiative.} 24. Rag1 (24. Re1 $142) 24... Rab8 ({Better is} 24... Rfd8 $17 25. Ba4 Nf5) 25. Bb5 (25. f5 $1 $11 Rbd8 26. Ba4) 25... Kh8 26. Bd3 (26. f5 $15) 26... Rfc8 (26... Nf5 $17 27. Bxf5 Qxf5) 27. Bb5 (27. Qe3 $11 {keeps the balance.}) 27... Rd8 28. Bd3 Rd6 29. Rc1 Rc6 (29... g6 $17 30. Rc7 Re6) 30. Rc3 Rbc8 31. Bb5 Rd6 32. Qc1 Rcd8 33. Qe3 (33. Re3 $17) 33... Nc6 $2 {[#]} (33... Re6 $19 34. Qd2 Nf5) 34. Bxc6 $11 Rxc6 35. Qe5 Re6 $2 {[%mdl 8192]} (35... Rxc3 $11 {and Black stays safe.} 36. bxc3 (36. Nxc3 g6 $11) 36... Qxe5 37. fxe5 (37. dxe5 Re8 $11) 37... Rc8) 36. Qxh5 $18 Rde8 37. Ng1 (37. Rc2 $142) 37... Qxd4+ 38. Kg2 Qd2+ 39. Kh1 Qxb2 40. Rc7 R6e7 41. Rxe7 Rxe7 42. Qxd5 Kh7 (42... Qf6 $142 43. Qd2 Re8) 43. Qd3+ g6 44. f5 {[%cal Rf5g6]} Qf6 45. fxg6+ fxg6 46. Re4 Rf7 47. Rd4 Qe6 48. Rd6 Qf5 49. Qxf5 gxf5 {[%mdl 4096] Endgame KRN-KR} 50. Ne2 Rc7 51. a4 Rc2 52. Rd7+ Kg6 53. Ng1 a5 54. Rd6+ Kh5 (54... Kf7 $142 55. Rxb6 Ra2 56. Rxh6 Rxa4) 55. Rxb6 {White is clearly winning.} Rc4 56. Rb5 Rxa4 57. Rxf5+ Kg6 58. Rb5 Ra2 59. Nh3 a4 60. Ra5 a3 61. Kg1 Kf6 62. Nf2 Ke7 63. f4 Ra1+ 64. Kg2 h5 65. Rxh5 a2 66. Ra5 {Accuracy: White = 47%, Black = 30%.} 1-0

[Event "Legislatura Portena Open 2019"]
[Site "Buenos Aires"]
[Date "2019.03.28"]
[Round "8.10"]
[White "Pierrot, Facundo"]
[Black "Carraro, Denise"]
[Result "1-0"]
[WhiteElo "2383"]
[BlackElo "2097"]
[Annotator "TA"]
[PlyCount "75"]
[EventDate "2019.03.20"]
[EventType "swiss"]
[EventCountry "ARG"]
[SourceTitle "playchess.com"]
[Source "ChessBase"]
[SourceQuality "1"]

{[%evp 25,75,25,52,0,60,0,75,51,63,60,97,86,131,131,142,106,346,337,393,417,408,406,403,404,402,400,464,466,467,447,460,452,526,532,558,546,900,906,901,896,872,857,879,835,839,597,583,579,562,564,5197,5181]} 1. e4 e6 2. d4 d5 3. Nd2 Nf6 4. e5 Nfd7 5. Bd3 c5 6. c3 Nc6 7. Ne2 Qb6 8. Nf3 cxd4 9. cxd4 f6 10. exf6 Nxf6 11. O-O Bd6 12. Nc3 O-O 13. Be3 Qd8 14. Re1 {C06: French Tarrasch: 3...Nf6 4 e5 Nfd7 5 Bd3 main lines} ({White should play} 14. h3 $14) (14. Ng5 Bd7 15. f4 h6 16. Nf3 Ng4 17. Bd2 Nf6 18. Ne2 Qb6 19. Bc3 Rae8 20. Kh1 a6 21. h3 Ne7 {½-½ (61) Sairaj,D (1445)-Shreyas,G (1653) Mumbai 2019}) 14... a6 (14... Ng4 $11) 15. Rc1 (15. h3 $14) 15... Bd7 (15... Ng4 $11 {keeps the balance.}) 16. Bg5 {White is better.} Qb8 17. Bh4 Kh8 $146 ({Predecessor:} 17... b5 18. Bb1 Bf4 19. Bg3 Bxg3 20. hxg3 Qd6 21. Ne5 Rac8 {1-0 (41) Zugrav,W-Ebner,F Austria 1989}) 18. Bb1 Ng4 {[%cal Rd6h2]} 19. h3 Nh6 20. Ng5 g6 $2 (20... Be7 $16 {was worth a try.}) 21. Nxe6 $18 Bxe6 22. Rxe6 Bh2+ 23. Kh1 Qf4 {[#]} 24. g3 $1 {[%cal Rg3f4]} Qxf2 25. Re2 Qxd4 26. Rxh2 {White is clearly winning.} Qg7 {and the idea ...g5 leaves Black hopeful.} 27. g4 d4 28. Ne4 Rae8 29. Rf2 Rxf2 30. Bxf2 {Rxc6! is the strong threat.} Nf7 {[#]} 31. Rxc6 $1 bxc6 32. Bxd4 Ne5 33. Nd6 Re6 {[#]} 34. Nc4 $1 {[%mdl 576] Pin} Qf6 (34... Nxc4 35. Bxg7+) 35. Bxe5 Rxe5 36. Nxe5 Qxe5 37. Qd2 Qg3 38. Qc3+ {Accuracy: White = 74%, Black = 32%.} 1-0

[Event "Legislatura Portena Open 2019"]
[Site "Buenos Aires"]
[Date "2019.03.29"]
[Round "9.1"]
[White "Obregon, Andres Carlos"]
[Black "Villanueva, Mario"]
[Result "1-0"]
[WhiteElo "2514"]
[BlackElo "2482"]
[Annotator "TA"]
[PlyCount "69"]
[EventDate "2019.03.20"]
[EventType "swiss"]
[EventCountry "ARG"]
[SourceTitle "playchess.com"]
[Source "ChessBase"]
[SourceQuality "1"]

{[%evp 24,69,-7,-13,35,36,74,79,92,81,76,85,80,49,53,47,38,10,55,54,60,60,93,82,131,135,418,413,375,369,675,662,882,859,834,793,800,793,854,839,1051,1051,1037,1032,2015,1981,1775,1684]} 1. e4 e6 2. d4 d5 3. Nc3 Bb4 4. e5 c5 5. a3 Ba5 6. Qg4 Ne7 7. Qxg7 Rg8 8. Qxh7 cxd4 9. b4 Bc7 10. Nb5 a6 11. Nxc7+ Qxc7 12. Bb2 Qxe5+ 13. Ne2 Nbc6 {C18: French: 3 Nc3 Bb4: Main line: 7 h4 and 7 Qg4} (13... Qc7 14. Ng3 e5 15. Be2 Be6 16. f4 exf4 17. Nh5 Qe5 18. O-O Bf5 19. Qh6 Rg6 20. Qxf4 Rxg2+ 21. Kxg2 Qxe2+ 22. Kg3 Qxh5 23. Bxd4 Nbc6 24. Rae1 Nxd4 25. Qxd4 Qh3+ 26. Kf2 Qxh2+ {0-1 (26) Timman,J (2655)-Khalifman,A (2656) Bali 2000}) 14. Qd3 Qc7 15. Nxd4 Ne5 {White is better.} 16. Qc3 Nc4 17. Bxc4 $146 ({Predecessor:} 17. Nf3 b5 18. g3 Bb7 19. O-O-O Rc8 20. Rg1 Nf5 21. Bxc4 Qxc4 22. Qxc4 Rxc4 {½-½ (48) McAndrew,H-Cameron,E IECG email 2003}) 17... dxc4 18. Ne2 b5 19. O-O Bb7 20. f3 O-O-O (20... Nd5 $5 {[%cal Rd5c3]} 21. Qd4 O-O-O $11) 21. Rf2 Nd5 22. Qe5 Qe7 23. Nc3 Qh4 24. Ne4 Nf4 $2 {[%mdl 8192] [#]} (24... Qe7 $16 25. Rd1 Rg6) 25. Qc5+ $1 $18 Kb8 26. Bf6 {[%mdl 64] Double Attack} Nh3+ $2 (26... Qh6 27. Bxd8 Rxd8 28. Qe5+ Ka8) 27. Kf1 {White is clearly winning.} Qh6 28. Bxd8 Rxd8 29. Qe5+ Ka8 30. gxh3 Qxh3+ 31. Ke2 Rd5 32. Qc7 {[#] Black must now prevent Nc5.} Qh8 33. Rg1 Qd4 34. Rg8+ Ka7 35. Kf1 {Accuracy: White = 88%, Black = 19%.} 1-0